000 00997cam a2200217 a 4500
001 000002764
005 20200929150243.0
008 830310s1983 mx b s001 0 spa
040 _aDO-SdBNP
_bspa
_cBNPHU
082 _a928.973
_bD553J
100 1 _aJuhasz, Suzanne,
_d1942-
_98710
240 1 4 _aThe undiscovered continent. Emily Dickinson and the space of the mind.
_lEspañol.
245 1 3 _aEl continente por descubrir :
_bEmily Dickinson y el espacio de la mente /
_cSuzanne Juhasz; Traducción de Elisa Moreno C.
260 _aBloomington :
_bIndiana University Press,
_c1983.
300 _aix, 189 p. ;
_c25 cm.
504 _aIncluye referencias bibliográficas e índice.
534 _aTítulo de la obra en inglés:
_tThe undiscovered continent. Emily Dickinson and the space of the mind.
600 1 4 _aDICKINSON, EMILY,
_d1830-1886
_xCRÍTICA E INTERPRETACIÓN
_98711
650 4 _aMujeres en la literatura
_zEstados Unidos
_xHistoria
_ySIGLO XIX
_98712
700 1 _aMoreno C, Elisa,
_etr.
_98713
999 _c2598
_d2598